| Record ID | ia:verhandlungendes151zool |
| Source | Internet Archive |
| Download MARC XML | https://archive.org/download/verhandlungendes151zool/verhandlungendes151zool_marc.xml |
| Download MARC binary | https://www.archive.org/download/verhandlungendes151zool/verhandlungendes151zool_meta.mrc |
LEADER: 00867cas 2200253Ia 4500
001 36448
005 20081210101116.0
008 791204d18521857au ar 0 b0ger d
010 $o05759700
035 $9ABM-5189
035 $a(OCoLC)05759700
040 $aIUL$cIUL$dNYG$dm/c
090 $aQL1$b.Z835
092 $a590.6$bZ872
245 00 $aVerhandlungen des Zoologisch-Botanischen Vereins in Wien.
260 $aWien :$bIn Commission in W. Braumüller's Hof-Buchhandlung,$c1852-
300 $a7 v. ;$c23 cm.
362 0 $aBd. 1-
555 $av. 1-20 (Includes index to the journal under its later title)
650 0 $aZoology$vPeriodicals.
650 0 $aBotany$vPeriodicals.
710 20 $aZoologisch-Botanische Gesellschaft in Wien.
785 00 $tVerhandlungen der Kaiserlich-Königlichen zoologisch-botanischen Gesellschaft in Wien$w(OCoLC)5759771
936 $a1857$a1852